Moana Quiz - Statistics

General Stats
  • This quiz has been taken 353 times
  • The average score is 3 of 5
Answer Stats
Hint Answer % Correct
Moana How far i'll go
95%
The crab Shiny
89%
Maui Your welcome
67%
Moana Where you are
29%
Grandma The ocean chose you
7%
No matching quizzes found
Score Distribution
Percent of People with Each Score
Percentile by Number Answered
Your Score History
You have not taken this quiz